Fundamental of Philosophy (Record no. 4860)

MARC details
005 - DATE AND TIME OF LATEST TRANSACTION
control field 20250624122417.0
020 ## - INTERNATIONAL STANDARD BOOK NUMBER
International Standard Book Number 0-02-417310x
082 ## - DEWEY DECIMAL CLASSIFICATION NUMBER
Classification number 190STE
100 ## - MAIN ENTRY--PERSONAL NAME
Author name STEWART .D
245 ## - TITLE STATEMENT
Title Fundamental of Philosophy
250 ## - EDITION STATEMENT
Edition statement 2nd Ed,
260 ## - PUBLICATION, DISTRIBUTION, ETC.
Place of publication, distribution, etc. New York,
Name of publisher, distributor, etc. MaCmillan Publishing Company,
Date of publication, distribution, etc. 1982.
300 ## - PHYSICAL DESCRIPTION
Extent xiii, 512p, ill, table, figure and picture
Other physical details Glossary and Index
Dimensions 26cm.
700 ## - ADDED ENTRY--PERSONAL NAME
Other authors/Editors BLOCKER . H. G
942 ## - ADDED ENTRY ELEMENTS (KOHA)
Source of classification or shelving scheme Dewey Decimal Classification
Koha item type Books
Holdings
Date last seen Total checkouts Full call number Barcode Cost, replacement price Price effective from Koha item type Lost status Source of classification or shelving scheme Damaged status Not for loan Withdrawn status Home library Current library Shelving location Date acquired Cost, normal purchase price
06/24/2025   190STE DOM0004094 24000.00 06/24/2025 Books   Dewey Decimal Classification       CBE Dodoma CBE Dodoma Special Reserve Collection 09/22/1994 8000.00